Geography Grab Bag By Numbers Quiz Stats

 Plays Quiz not verified by Sporcle

Challenge
Share
Tweet
Embed
Score 0/78 Timer 10:00
0 Plays Today
Hint Answer % Correct
10 most populous cities in North AmericaLos Angeles (USA)
87.8%
10 most populous cities in North AmericaNew York City (USA)
87.4%
8 member states of the Community of Portuguese Language CountriesBrazil
86.4%
2 main islands of New ZealandSouth Island
85.4%
2 main islands of New ZealandNorth Island
84.7%
1 country with a five sided flagNepal
83.9%
4 landlocked seasCaspian Sea
82.6%
8 member states of the Community of Portuguese Language CountriesPortugal
82.1%
10 most populous cities in North AmericaChicago (USA)
79.2%
11 newly independent 'successor' states following USSR dissolutionUkraine
77.3%
9 countries ending in '-nia'Armenia
76.7%
11 newly independent 'successor' states following USSR dissolutionArmenia
76.7%
11 newly independent 'successor' states following USSR dissolutionKazakhstan
76.5%
3 active volcanos in ItalyMount Etna
75.8%
11 newly independent 'successor' states following USSR dissolutionGeorgia
75.3%
11 newly independent 'successor' states following USSR dissolutionBelarus
75.1%
11 newly independent 'successor' states following USSR dissolutionUzbekistan
74.8%
11 newly independent 'successor' states following USSR dissolutionTurkmenistan
74.3%
11 newly independent 'successor' states following USSR dissolutionAzerbaijan
73.3%
9 countries ending in '-nia'Estonia
73.2%
11 newly independent 'successor' states following USSR dissolutionTajikistan
72.5%
12 OPEC membersSaudi Arabia
72.3%
11 newly independent 'successor' states following USSR dissolutionKyrgyzstan
71.3%
10 most populous cities in North AmericaMexico City (Mexico)
71%
6 Australian statesQueensland
70.8%
9 countries ending in '-nia'Lithuania
70.3%
3 active volcanos in ItalyMount Vesuvius
70%
12 OPEC membersIraq
69.9%
6 Australian statesNew South Wales
69.7%
12 OPEC membersIran
69.5%
10 most populous cities in North AmericaHouston (USA)
68.9%
6 Australian statesTasmania
67.5%
6 Australian statesWestern Australia
65.8%
12 OPEC membersUnited Arab Emirates
65.2%
6 Australian statesVictoria
63.7%
12 OPEC membersKuwait
63.7%
10 most populous cities in North AmericaToronto (Canada)
62.1%
11 newly independent 'successor' states following USSR dissolutionMoldova
60.6%
9 countries ending in '-nia'Albania
60.2%
Hint Answer % Correct
12 OPEC membersQatar
60%
4 landlocked seasDead Sea
57.5%
10 most populous cities in North AmericaPhiladelphia (USA)
57%
9 countries ending in '-nia'Romania
54.7%
12 OPEC membersVenezuela
53.1%
6 Australian statesSouth Australia
52.7%
8 member states of the Community of Portuguese Language CountriesAngola
52.2%
12 OPEC membersAngola
52.2%
9 countries ending in '-nia'Slovenia
49.7%
9 countries ending in '-nia'Tanzania
49.5%
10 most populous cities in North AmericaMontreal (Canada)
47%
12 OPEC membersLibya
46.8%
12 OPEC membersAlgeria
44.7%
5 overseas administrative regions of FranceFrench Guiana
42.7%
8 member states of the Community of Portuguese Language CountriesMozambique
41.7%
12 OPEC membersNigeria
41.4%
9 countries ending in '-nia'Macedonia
39.7%
9 countries ending in '-nia'Mauritania
34.4%
8 member states of the Community of Portuguese Language CountriesSao Tome and Principe
34.2%
10 most populous cities in North AmericaGuadalajara (Mexico)
33.8%
8 member states of the Community of Portuguese Language CountriesGuinea-Bissau
30.9%
4 landlocked seasAral Sea
30.8%
8 member states of the Community of Portuguese Language CountriesCape Verde
30.7%
5 overseas administrative regions of FranceMartinique
29.7%
5 overseas administrative regions of FranceGuadeloupe
23.3%
5 overseas administrative regions of FranceRĂ©union
22.8%
3 active volcanos in ItalyMount Stromboli
20.5%
12 OPEC membersEcuador
20.4%
8 member states of the Community of Portuguese Language CountriesEast Timor
19.5%
7 hills of RomePalatine Hill
17.6%
7 hills of RomeCapitoline Hill
12.8%
5 overseas administrative regions of FranceMayotte
12%
7 hills of RomeAventine Hill
11.8%
7 hills of RomeQuirinal Hill
10.4%
7 hills of RomeEsquiline Hill
9.7%
4 landlocked seasSalton Sea
9.4%
7 hills of RomeViminal Hill
7.5%
7 hills of RomeCaelian Hill
6.1%
10 most populous cities in North AmericaEcatepec (Mexico)
6.1%

You're not logged in!

Compare scores with friends on all Sporcle quizzes.
OR
Log In

You Might Also Like...

Show Comments

Extras

Top Quizzes Today


Score Distribution

Your Account Isn't Verified!

In order to create a playlist on Sporcle, you need to verify the email address you used during registration. Go to your Sporcle Settings to finish the process.

Report this User

Report this user for behavior that violates our Community Guidelines.

Details: